[Event "110th ch-GBR 2024"]
[Site "Hull ENG"]
[Date "2024.08.03"]
[Round "8.15"]
[White "Pein, Jonathan"]
[Black "Motwani, Paul"]
[Result "0-1"]
[WhiteTitle "FM"]
[BlackTitle "GM"]
[WhiteElo "2279"]
[BlackElo "2414"]
[WhiteFideId "417092"]
[BlackFideId "2400022"]
[EventDate "2024.07.27"]

1. e4 c5 2. g3 Nc6 3. Bg2 g6 4. Ne2 Bg7 5. O-O d6 6. c3 e5 7. d4 exd4 8. cxd4
cxd4 9. Na3 Nge7 10. Nb5 Bg4 11. f3 Bc8 12. Kh1 O-O 13. Nbxd4 Nxd4 14. Nxd4 d5
15. exd5 Qxd5 16. Nb3 Be6 17. Qe2 Rac8 18. Be3 b6 19. Rfd1 Qe5 20. Rd2 Nf5 21.
Bg1 Qxe2 22. Rxe2 Rc4 23. Rd1 h5 24. Red2 Rb4 25. Rc1 Ra4 26. g4 hxg4 27. fxg4
Rxg4 28. Rcc2 Rc4 29. Rxc4 Bxc4 30. Nc1 Re8 31. Bf2 Bh6 32. Rc2 Ba6 33. Bf3 Rd8
34. Ne2 Bd3 35. Rc7 Bxe2 36. Bxe2 Rd2 37. Rc8+ Kh7 38. Re8 Ne3 39. Be1 Rxe2 40.
Bc3 Bg7 0-1

[Event "110th ch-GBR 2024"]
[Site "Hull ENG"]
[Date "2024.08.03"]
[Round "8.16"]
[White "Hebden, Mark L"]
[Black "Kalavannan, Koby"]
[Result "1-0"]
[WhiteTitle "GM"]
[BlackTitle "FM"]
[WhiteElo "2385"]
[BlackElo "2265"]
[WhiteFideId "400084"]
[BlackFideId "425753"]
[EventDate "2024.07.27"]

1. d4 Nf6 2. Bg5 d5 3. e3 c5 4. Bxf6 gxf6 5. dxc5 e6 6. Nf3 Bxc5 7. Be2 f5 8. c4
dxc4 9. Qa4+ Nc6 10. Qxc4 b6 11. Nc3 Bb7 12. O-O Qf6 13. Rad1 O-O 14. Rd7 Rab8
15. Qf4 Qg7 16. Rfd1 Ne7 17. Nh4 a5 18. Bf3 e5 19. Qg3 Qxg3 20. hxg3 e4 21. Be2
Bc6 22. Rc7 Rbc8 23. Rxc8 Rxc8 24. Bb5 Ba8 25. Bd7 Rd8 26. Nxf5 Ng6 27. Bb5
Rxd1+ 28. Nxd1 Bd5 29. Nc3 Be6 30. Nd4 Bxd4 31. exd4 Ne7 32. b3 f5 33. Na4 Nd5
34. Bc4 b5 35. Bxb5 e3 36. f4 Nf6 37. Nc3 Kf8 38. Kf1 Nh5 39. Ke2 Ke7 40. Kxe3
Nxg3 41. d5 Bc8 42. Kd4 Kd6 43. Be2 Bd7 44. Bf3 h5 45. Nd1 a4 46. Ne3 axb3 47.
axb3 h4 48. Nc4+ Ke7 49. Ke5 Be8 50. d6+ Kf7 51. Ne3 Bd7 52. b4 Kg6 53. Nd5 1-0

[Event "110th ch-GBR 2024"]
[Site "Hull ENG"]
[Date "2024.08.03"]
[Round "8.17"]
[White "Wells, Peter K"]
[Black "Merriman, John"]
[Result "1-0"]
[WhiteTitle "GM"]
[BlackTitle "FM"]
[WhiteElo "2364"]
[BlackElo "2251"]
[WhiteFideId "400327"]
[BlackFideId "402362"]
[EventDate "2024.07.27"]

1. d4 e6 2. c4 Nf6 3. Nf3 c5 4. e3 a6 5. a3 d5 6. dxc5 Bxc5 7. b4 Be7 8. Bb2 O-O
9. Nbd2 a5 10. b5 Nbd7 11. Be2 Nc5 12. O-O a4 13. Rc1 Bd6 14. Qc2 b6 15. cxd5
exd5 16. Nd4 Qc7 17. f4 Re8 18. Rf3 Nfe4 19. Nxe4 dxe4 20. Rg3 Bf8 21. Bc4 Qd6
22. Qe2 Ra7 23. Nc6 Rb7 24. Rd1 Qh6 25. Rd5 Be6 26. Rdg5 Bxc4 27. Qxc4 Ne6 28.
Rh3 1-0

[Event "110th ch-GBR 2024"]
[Site "Hull ENG"]
[Date "2024.08.03"]
[Round "8.18"]
[White "Villiers, Thomas"]
[Black "Wu, Li"]
[Result "1/2-1/2"]
[WhiteTitle "CM"]
[BlackTitle "FM"]
[WhiteElo "2229"]
[BlackElo "2328"]
[WhiteFideId "427209"]
[BlackFideId "411086"]
[EventDate "2024.07.27"]

1. e4 c5 2. Nf3 Nc6 3. d4 cxd4 4. Nxd4 g6 5. c4 Nf6 6. Nc3 d6 7. Be2 Nxd4 8.
Qxd4 Bg7 9. Be3 O-O 10. Qd2 a5 11. O-O a4 12. Rac1 Qa5 13. f3 Bd7 14. c5 Rfd8
15. cxd6 Bc6 16. Nd5 Nxd5 17. exd5 Qxd2 18. Bxd2 Bxd5 19. dxe7 Re8 20. Bb4 Bd4+
21. Kh1 Bxb2 22. Rc2 Bf6 23. Bb5 Bc6 24. Rxc6 bxc6 25. Bxc6 Rab8 26. Bxe8 Rxb4
27. Bxa4 Bxe7 28. Bb3 h5 29. Rd1 Rb7 30. Kg1 Bc5+ 31. Kf1 Kg7 32. Ke2 Re7+ 33.
Kd3 Rd7+ 34. Kc4 Rxd1 35. Bxd1 Ba3 36. Kb3 Bd6 37. g3 h4 38. gxh4 Kh6 39. a4 Kh5
40. a5 Bxh2 41. a6 Bg1 42. Kc4 Kxh4 43. Kd5 Kg5 44. Ke5 Bh2+ 45. Ke4 f5+ 46. Kd5
Bg1 47. Ke5 Bh2+ 1/2-1/2

[Event "110th ch-GBR 2024"]
[Site "Hull ENG"]
[Date "2024.08.03"]
[Round "8.19"]
[White "Eggleston, David J"]
[Black "Boswell, Jacob Connor"]
[Result "1-0"]
[WhiteTitle "IM"]
[WhiteElo "2335"]
[BlackElo "2241"]
[WhiteFideId "412120"]
[BlackFideId "427110"]
[EventDate "2024.07.27"]

1. e4 c5 2. Nf3 e6 3. c3 Nf6 4. e5 Nd5 5. d4 cxd4 6. cxd4 d6 7. Bc4 Nb6 8. Bb3
dxe5 9. Nxe5 Nc6 10. Nxc6 bxc6 11. O-O Nd5 12. Qg4 Nf6 13. Qf3 Bb7 14. Rd1 Nd5
15. Nd2 Be7 16. Ne4 O-O 17. Be3 a5 18. Rac1 a4 19. Bc2 Nxe3 20. Qxe3 Qd5 21. Nc3
Qh5 22. Nxa4 Bd6 23. h3 Rae8 24. Nc5 Bc8 25. Ne4 Be7 26. Bb3 Kh8 27. Ng3 Qh4 28.
Qe4 Qh6 29. Ba4 f5 30. Qf3 Rd8 31. Bxc6 Rxd4 32. Bb7 Bxb7 33. Qxb7 Bf6 34. Nf1
Rxd1 35. Rxd1 f4 36. Rc1 Qg5 37. Rc8 Bd8 38. Nh2 Qf5 39. Nf3 h6 1-0

[Event "110th ch-GBR 2024"]
[Site "Hull ENG"]
[Date "2024.08.03"]
[Round "8.20"]
[White "Bradbury, Neil H"]
[Black "Davies, Nigel R"]
[Result "1/2-1/2"]
[WhiteTitle "IM"]
[BlackTitle "GM"]
[WhiteElo "2153"]
[BlackElo "2325"]
[WhiteFideId "400513"]
[BlackFideId "404420"]
[EventDate "2024.07.27"]

1. d4 Nf6 2. c4 e6 3. Nf3 d5 4. g3 Be7 5. Bg2 O-O 6. O-O Nbd7 7. b3 c6 8. Nc3 b6
9. Bb2 Ba6 10. Re1 b5 11. cxb5 cxb5 12. a3 Qb6 13. e3 Rfc8 14. b4 Bb7 15. Ne5
Nxe5 16. dxe5 Nd7 17. Ne2 Qd8 18. Nf4 a5 19. bxa5 Rxa5 20. Bh3 Nf8 21. Bf1 b4
22. axb4 Bxb4 23. Re2 Ba6 24. Nd3 Be7 25. Rc2 Rxc2 26. Qxc2 Bc4 27. Qc1 Qa8 28.
Nf4 Rxa1 29. Qxa1 Qxa1 1/2-1/2

[Event "110th ch-GBR 2024"]
[Site "Hull ENG"]
[Date "2024.08.03"]
[Round "8.21"]
[White "Stubbs, Oliver"]
[Black "Richardson, John R"]
[Result "1/2-1/2"]
[BlackTitle "FM"]
[WhiteElo "2146"]
[BlackElo "2299"]
[WhiteFideId "441325"]
[BlackFideId "401617"]
[EventDate "2024.07.27"]

1. d4 d5 2. Nf3 Nf6 3. Bf4 c5 4. e3 Nc6 5. Nbd2 e6 6. c3 Nh5 7. Bg5 f6 8. Bh4 g6
9. Be2 cxd4 10. cxd4 Be7 11. Rc1 O-O 12. Nb3 Ng7 13. Bg3 Qe8 14. h3 b6 15. O-O
Bd7 16. Ba6 Nf5 17. Bh2 Nb4 18. Bb7 Bb5 19. Bxa8 Qxa8 20. a3 Bxf1 21. Qxf1 Nc6
22. Rc2 Bd6 23. Bxd6 1/2-1/2

[Event "110th ch-GBR 2024"]
[Site "Hull ENG"]
[Date "2024.08.03"]
[Round "8.22"]
[White "Madhavan, Sanjith"]
[Black "Ledger, Dave J"]
[Result "0-1"]
[BlackTitle "FM"]
[WhiteElo "1950"]
[BlackElo "2201"]
[WhiteFideId "2408562"]
[BlackFideId "401986"]
[EventDate "2024.07.27"]

1. c4 Nf6 2. Nc3 e5 3. g3 g6 4. Bg2 Bg7 5. Nf3 Nc6 6. d4 exd4 7. Nxd4 O-O 8. O-O
Re8 9. e3 Ne5 10. b3 d6 11. Qc2 Rb8 12. Bb2 a6 13. Rac1 h5 14. Nf3 Nxf3+ 15.
Bxf3 Bh3 16. Rfd1 Bg4 17. Bxg4 hxg4 18. Nd5 Ne4 19. Bxg7 Kxg7 20. Qb2+ f6 21.
Qe2 f5 22. Nf4 c6 23. f3 gxf3 24. Qxf3 Ng5 25. Qe2 Qe7 26. Rd3 Rbd8 27. Rcd1 Qe5
28. Qg2 Rh8 29. g4 Kf6 30. Rf1 Qe4 31. Qxe4 fxe4 32. Rdd1 Nf3+ 33. Kg2 Rxh2+ 34.
Kg3 Rxa2 35. Rh1 Rd2 36. Rdf1 Rg8 37. Rh7 Rg7 38. g5+ Kf7 39. Rh8 Rb2 40. Nh3
Ke7 41. Ng1 Nxg1 42. Rff8 Rf7 0-1

[Event "110th ch-GBR 2024"]
[Site "Hull ENG"]
[Date "2024.08.03"]
[Round "8.23"]
[White "Badacsonyi, Stanley"]
[Black "Banerjee, Supratit"]
[Result "1-0"]
[WhiteTitle "CM"]
[BlackTitle "CM"]
[WhiteElo "2178"]
[BlackElo "2161"]
[WhiteFideId "486973"]
[BlackFideId "2410079"]
[EventDate "2024.07.27"]

1. Nf3 Nf6 2. g3 g6 3. Bg2 Bg7 4. O-O O-O 5. d3 d6 6. c4 c6 7. Nc3 Re8 8. Rb1 e5
9. e4 h6 10. Ne1 Nh7 11. f4 Nd7 12. f5 Ndf6 13. g4 d5 14. cxd5 cxd5 15. exd5
Qb6+ 16. Kh1 h5 17. g5 Ng4 18. f6 Bf8 19. Qe2 e4 20. dxe4 Bb4 21. Qb5 Bd7 22.
Qxb6 axb6 23. Bf4 Rac8 24. h3 Ne5 25. h4 Bxc3 26. bxc3 b5 27. Bxe5 Rxe5 28. Nd3
Ree8 29. Rb3 Rc4 30. Re1 Nf8 31. Kh2 b6 32. Re3 Kh8 33. Kg3 Kg8 34. Bf3 Ra4 35.
Re2 Bc8 36. e5 Bf5 37. Nf4 Nh7 38. Rb4 Ra3 39. Re3 Nf8 40. Rxb5 Rxa2 41. e6 Rd2
42. Rxb6 Rc2 43. Rb7 1-0

[Event "110th ch-GBR 2024"]
[Site "Hull ENG"]
[Date "2024.08.03"]
[Round "8.24"]
[White "Mirzoeva, Elmira"]
[Black "Evans, Ruben"]
[Result "1-0"]
[WhiteTitle "WGM"]
[WhiteElo "2282"]
[BlackElo "1954"]
[WhiteFideId "4127951"]
[BlackFideId "472018"]
[EventDate "2024.07.27"]

1. d4 Nf6 2. c4 c5 3. d5 b5 4. Nf3 g6 5. cxb5 a6 6. e3 Bb7 7. Nc3 Qa5 8. Bd2
axb5 9. Nxb5 Qb6 10. d6 Na6 11. Bc3 Bc6 12. dxe7 Bxe7 13. Nd6+ Kf8 14. Bc4 Kg7
15. Nxf7 Rhf8 16. N7e5 Nb4 17. O-O d5 18. Nxc6 Qxc6 19. Bb3 c4 20. Ne5 Qc7 21.
Ba4 Qa5 22. Bc6 Rac8 23. a3 Ne4 24. Bxb4 Qc7 25. Bxe7 Qxe7 26. Qd4 Rf5 27. Bd7
Rh5 28. Bxc8 Qh4 29. Nf3+ 1-0

[Event "110th ch-GBR 2024"]
[Site "Hull ENG"]
[Date "2024.08.03"]
[Round "8.25"]
[White "Lentzos, Ioanis"]
[Black "Willow, Jonah B"]
[Result "0-1"]
[BlackTitle "IM"]
[WhiteElo "2119"]
[BlackElo "2416"]
[WhiteFideId "4255470"]
[BlackFideId "438804"]
[EventDate "2024.07.27"]

1. c4 e5 2. g3 c6 3. Nf3 e4 4. Nd4 d5 5. cxd5 Qxd5 6. Nc2 Nf6 7. Nc3 Qh5 8. Ne3
Bc5 9. Qa4 O-O 10. Nxe4 Nxe4 11. Qxe4 Be6 12. Bg2 Bxe3 13. Qxe3 Nd7 14. d3 Bh3
15. Bf3 Qb5 16. a4 Qa6 17. Qd4 Rfe8 18. Bf4 Rad8 19. Bc7 Ne5 20. Qxe5 Rxe5 21.
Bxe5 Re8 22. Bd4 Qxd3 23. Be3 Qb3 24. g4 Qxb2 25. Rd1 Qc3+ 26. Rd2 Rd8 27. Kd1
Qa1+ 28. Kc2 Qxa4+ 29. Kc3 Rxd2 30. Kxd2 Bxg4 31. Bxg4 Qxg4 32. f4 Qd7+ 33. Ke1
a5 34. Kf2 a4 35. Ra1 b5 36. Ra3 Qe7 37. Rc3 Qh4+ 38. Kg2 Qh5 39. Rc5 Qxe2+ 40.
Bf2 a3 41. Re5 Qg4+ 42. Kf1 h6 0-1

[Event "110th ch-GBR 2024"]
[Site "Hull ENG"]
[Date "2024.08.03"]
[Round "8.26"]
[White "Rida, Ruqayyah"]
[Black "Lewis, Andrew P"]
[Result "0-1"]
[WhiteTitle "WCM"]
[BlackTitle "FM"]
[WhiteElo "2064"]
[BlackElo "2272"]
[WhiteFideId "343272375"]
[BlackFideId "400955"]
[EventDate "2024.07.27"]

1. e4 c5 2. Nf3 d6 3. d4 cxd4 4. Nxd4 Nf6 5. Nc3 Nc6 6. Bg5 e6 7. Qd3 Qb6 8.
O-O-O Qxd4 9. Qxd4 Nxd4 10. Rxd4 a6 11. f4 Be7 12. Be2 Bd7 13. Rhd1 Bc6 14. Bf3
h6 15. Bh4 g5 16. fxg5 Nd7 17. Kb1 hxg5 18. Bg3 Ne5 19. Be2 Rc8 20. a4 Rh7 21.
R1d2 f6 22. Nd1 f5 23. exf5 exf5 24. Bxe5 dxe5 25. Rc4 Rxh2 26. Ne3 Bd7 27. Rd5
f4 28. Rxc8+ Bxc8 29. Nc4 e4 30. Nb6 Be6 31. Rd1 Rxg2 32. Bh5+ Bf7 33. Bxf7+
Kxf7 34. Nc4 e3 35. Re1 Ke6 36. Kc1 Bc5 37. c3 Kd5 38. b3 b5 0-1

[Event "110th ch-GBR 2024"]
[Site "Hull ENG"]
[Date "2024.08.03"]
[Round "8.27"]
[White "Starley, Robert"]
[Black "Rudd, Jack"]
[Result "1-0"]
[BlackTitle "IM"]
[WhiteElo "2028"]
[BlackElo "2243"]
[WhiteFideId "421006"]
[BlackFideId "405736"]
[EventDate "2024.07.27"]

1. e4 c6 2. d4 d5 3. e5 c5 4. dxc5 e6 5. Qg4 Ne7 6. Nf3 Ng6 7. h4 h5 8. Qg3 Bxc5
9. Bd3 Ne7 10. O-O g6 11. Bg5 Qc7 12. Nc3 a6 13. Bf6 Rf8 14. Ng5 Nd7 15. Nh7
Nxf6 16. Nxf6+ Kd8 17. Qg5 Bd7 18. Rad1 Bc6 19. a3 Kc8 20. Ne2 Bb5 21. b4 Bb6
22. Rc1 Kb8 23. Rfd1 Ka7 24. a4 Bxa4 25. Ra1 Bc6 26. b5 Bxb5 27. Bxb5 Qc5 28.
Nd4 Nf5 29. Nd7 Qc7 30. Nc6+ bxc6 31. Rxa6+ 1-0

[Event "110th ch-GBR 2024"]
[Site "Hull ENG"]
[Date "2024.08.03"]
[Round "8.28"]
[White "Subramanian, Anusha"]
[Black "Shafi, Declan"]
[Result "0-1"]
[WhiteTitle "WCM"]
[WhiteElo "2033"]
[BlackElo "2222"]
[WhiteFideId "477710"]
[BlackFideId "2405156"]
[EventDate "2024.07.27"]

1. e4 e5 2. Nf3 Nf6 3. Nxe5 d6 4. Nf3 Nxe4 5. Nc3 Nxc3 6. dxc3 Be7 7. Be3 O-O 8.
Qd2 Nd7 9. Bd3 Nf6 10. O-O-O c5 11. Kb1 Qa5 12. c4 Qxd2 13. Nxd2 Ng4 14. Rde1
Nxe3 15. Rxe3 Bg5 16. Re2 f5 17. g3 Bd7 18. f4 Bf6 19. Rhe1 Kf7 20. Nf1 g6 21.
Ne3 Rae8 22. c3 Bd8 23. Kc2 Re6 24. h3 Rfe8 25. Kd2 Bc6 26. Rf1 h5 27. a3 h4 28.
g4 fxg4 29. hxg4 Kg7 30. g5 a6 31. f5 Re5 32. f6+ Kf7 33. Rg1 Bf3 34. Ree1 h3
35. Rg3 Rxe3 36. Rxe3 h2 37. Rh3 Rxe3 38. Rh7+ Ke6 39. Rxh2 Re5 40. Rf2 Bh5 41.
f7 Bxg5+ 42. Kc2 Be7 43. f8=Q Bxf8 44. Rxf8 g5 45. Rh8 Bf3 46. Rh6+ Kd7 47. Kd2
g4 48. Rg6 Kc7 49. b4 Rh5 50. a4 Rh2+ 51. Ke3 Ra2 52. a5 Ra4 53. Rg7+ Kd8 54.
Bf5 cxb4 55. Rd7+ Ke8 56. Rxd6 Rxa5 57. Bg6+ Ke7 58. Rb6 bxc3 59. Rb3 Rg5 60.
Bc2 Kd6 61. Kf2 Kc5 62. Rxc3 Kb4 63. Re3 Kxc4 64. Bb3+ Kc5 65. Rc3+ Kb4 66. Re3
Rg7 67. Bc2 a5 68. Rb3+ Kc4 69. Ra3 b6 70. Kg3 Ra7 71. Bd3+ Kb4 72. Ra1 a4 73.
Bf5 a3 74. Rb1+ Kc3 75. Rc1+ Kd4 76. Ra1 b5 77. Ra2 b4 78. Rd2+ Kc3 79. Rd3+ Kc4
80. Rd2 b3 81. Be6+ Kc3 82. Rd6 a2 0-1

[Event "110th ch-GBR 2024"]
[Site "Hull ENG"]
[Date "2024.08.03"]
[Round "8.29"]
[White "Sooraj, M R"]
[Black "Southcott-Moyers, Indy"]
[Result "1-0"]
[BlackTitle "CM"]
[WhiteElo "1999"]
[BlackElo "2200"]
[WhiteFideId "35014730"]
[BlackFideId "488542"]
[EventDate "2024.07.27"]

1. e4 e5 2. Nf3 Nc6 3. d4 exd4 4. Bc4 Nf6 5. e5 d5 6. Bb5 Nd7 7. O-O Be7 8. Re1
O-O 9. Bxc6 bxc6 10. Nxd4 Nb8 11. Qh5 c5 12. Nf5 Bxf5 13. Qxf5 Nc6 14. c3 Qc8
15. Qh5 Qe6 16. Re3 Rad8 17. f4 f5 18. Nd2 c4 19. Rh3 Bc5+ 20. Kh1 h6 21. Qe2 d4
22. Rg3 Rd7 23. h4 Rfd8 24. Kh2 Na5 25. cxd4 Rxd4 26. Nf3 Re4 27. Qc2 Nc6 28.
Bd2 Re2 29. Rc1 Bf2 30. Qxc4 Bxg3+ 31. Kxg3 Qxc4 32. Rxc4 Rdxd2 33. Nxd2 Rxd2
34. Rxc6 Rxb2 35. Ra6 Rb7 36. h5 Kf7 37. Kf3 Rb1 38. Rxa7 Rc1 39. Ra3 Ke7 40.
Rd3 Rf1+ 41. Ke3 Rh1 42. a4 Ra1 43. Kf3 Rf1+ 44. Kg3 Ra1 45. Rd4 Ra3+ 46. Kh2
Ra2 47. Kh3 Ra3+ 48. g3 Ke6 49. Rb4 Ke7 50. Rb7 Rxa4 51. Rxc7+ Kf8 52. Rd7 Re4
53. Kg2 Re1 54. Rd2 Ke7 55. g4 fxg4 56. Kg3 Rg1+ 57. Rg2 Rxg2+ 58. Kxg2 Ke6 59.
Kf2 g5 60. hxg6 h5 61. f5+ Ke7 62. Kg3 Ke8 63. e6 Kf8 64. f6 h4+ 65. Kxh4 g3 66.
Kxg3 Kg8 67. e7 1-0

[Event "110th ch-GBR 2024"]
[Site "Hull ENG"]
[Date "2024.08.03"]
[Round "8.30"]
[White "Sivanandan, Bodhana"]
[Black "Rathbone-Jones, Ifan"]
[Result "1-0"]
[WhiteTitle "WFM"]
[WhiteElo "2185"]
[BlackElo "2014"]
[WhiteFideId "497592"]
[BlackFideId "1803859"]
[EventDate "2024.07.27"]

1. e4 c5 2. Nf3 d6 3. Bb5+ Nc6 4. O-O Bd7 5. Re1 Nf6 6. h3 g5 7. Bxc6 bxc6 8. e5
dxe5 9. Nxe5 Rg8 10. Qf3 g4 11. hxg4 Qc7 12. d4 Bxg4 13. Nxg4 Nxg4 14. Bf4 Qb6
15. Nd2 O-O-O 16. Nc4 Qa6 17. dxc5 Rd5 18. Ne3 Nxe3 19. Bxe3 Qc4 20. Red1 Bg7
21. Rxd5 Qxd5 22. Qxd5 cxd5 23. c3 e5 24. Rd1 d4 25. cxd4 exd4 26. Bd2 Re8 27.
Kf1 Kd7 28. b4 Kc6 29. a4 Bf6 30. Re1 Rg8 31. g3 Kd5 32. Ke2 a5 33. bxa5 Re8+
34. Kd3 Rxe1 35. Bxe1 Kxc5 36. f3 Bd8 37. a6 Bb6 38. g4 Ba7 39. Ba5 Kc6 40. f4
Kd7 41. f5 Kc8 42. Be1 Bc5 43. Bf2 Kb8 44. Bxd4 Be7 45. Kc4 Kc7 46. Kd5 Bg5 47.
a7 Kb7 48. Kd6 Ka6 49. a8=Q# 1-0

[Event "110th ch-GBR 2024"]
[Site "Hull ENG"]
[Date "2024.08.03"]
[Round "8.31"]
[White "Salmons, Calum"]
[Black "Brewer, Callum D"]
[Result "1-0"]
[WhiteElo "1999"]
[BlackElo "2182"]
[WhiteFideId "437280"]
[BlackFideId "435309"]
[EventDate "2024.07.27"]

1. e4 e5 2. Nf3 Nf6 3. Nxe5 d6 4. Nf3 Nxe4 5. Nc3 Nxc3 6. dxc3 Be7 7. Be3 Nd7 8.
Qd2 O-O 9. Bd3 Re8 10. O-O-O c6 11. g4 Nc5 12. Bxc5 dxc5 13. Qf4 Qa5 14. Bxh7+
Kxh7 15. Qxf7 Bxg4 16. Rdg1 Bf6 17. Rxg4 Rf8 18. Qg6+ Kg8 19. a3 Rf7 20. h4 Bxc3
21. bxc3 Qxc3 22. Nd2 Qxa3+ 23. Kb1 Qc3 24. Qd3 Qxd3 25. cxd3 Rd8 26. Ne4 Rxd3
27. Nxc5 Rd2 28. Ne4 Re2 29. Rd1 Re7 30. f3 Kh7 31. Rd8 Rh2 32. Rf8 c5 33. Ng5+
Kg6 34. Ne6+ Kh7 35. Ng5+ Kg6 36. Ne6+ Kh7 37. Re4 g6 38. Ng5+ Kg7 39. Rxe7+
Kxf8 40. Rxb7 Rxh4 41. Kc2 Ra4 42. Kd3 Ke8 43. Rg7 Ra6 44. Ke4 Kf8 45. Rc7 c4
46. Ke5 Ke8 47. f4 Ra5+ 48. Kf6 Rf5+ 49. Ke6 Kf8 50. Rxc4 a5 51. Nh7+ Kg7 52.
Ng5 Kh6 53. Ke7 Kh5 54. Ne6 Kg4 55. Rc8 a4 56. Ra8 Rd5 57. Rxa4 Kf5 58. Ra8 Rd1
59. Rf8+ Kg4 60. Kf6 1-0

[Event "110th ch-GBR 2024"]
[Site "Hull ENG"]
[Date "2024.08.03"]
[Round "8.32"]
[White "Sachdeva, Ronit"]
[Black "Kanyamarala, Trisha"]
[Result "0-1"]
[BlackTitle "WIM"]
[WhiteElo "1972"]
[BlackElo "2165"]
[WhiteFideId "343401589"]
[BlackFideId "45004722"]
[EventDate "2024.07.27"]

1. d4 Nf6 2. c4 e6 3. g3 d5 4. Bg2 dxc4 5. Nf3 Nbd7 6. O-O a6 7. a4 Rb8 8. Nc3
Be7 9. e4 O-O 10. Qe2 b5 11. Bf4 Re8 12. axb5 axb5 13. Ra7 Rb7 14. Nxb5 Rxa7 15.
Nxa7 Bb7 16. Ne5 Nxe5 17. dxe5 Nd7 18. Rd1 Bc5 19. Nb5 Ba6 20. Nc3 Qc8 21. h4
Bf8 22. Bf1 Nc5 23. Qc2 Qb7 24. Ra1 Rb8 25. Na4 Nd3 26. Nc3 Bc5 27. Bxd3 cxd3
28. Qa4 Ra8 29. Bd2 Qxb2 30. Ra2 Qb6 31. Bc1 h6 32. Rb2 Qa7 33. Qd7 Bc4 34. Kg2
Bd4 35. Nb5 Bxb5 36. Rxb5 Bxf2 37. Qxd3 Bd4 38. Bb2 Bxb2 39. Rxb2 Qc5 40. Rb5
Ra2+ 41. Kh3 Qf2 42. h5 Rd2 43. Rb8+ Kh7 44. Qa6 Qg2+ 45. Kh4 Qh1+ 46. Kg4 Qxe4+
47. Kh3 Qf5+ 0-1

[Event "110th ch-GBR 2024"]
[Site "Hull ENG"]
[Date "2024.08.03"]
[Round "8.33"]
[White "Mannion, Stephen R"]
[Black "Murawski, Jan"]
[Result "1-0"]
[WhiteTitle "IM"]
[BlackTitle "CM"]
[WhiteElo "2139"]
[BlackElo "2121"]
[WhiteFideId "2400111"]
[BlackFideId "21009287"]
[EventDate "2024.07.27"]

1. e4 e5 2. Nf3 Nc6 3. Bb5 a6 4. Ba4 Nf6 5. O-O Be7 6. Re1 b5 7. Bb3 O-O 8. a4
Bb7 9. d3 d6 10. Nbd2 Nb8 11. c3 Nbd7 12. d4 Re8 13. Bc2 Bf8 14. Bd3 c6 15. b3
Qb6 16. Bb2 c5 17. a5 Qc7 18. d5 g6 19. c4 b4 20. Nf1 Bg7 21. Ng3 Kh8 22. Qd2
Rf8 23. h4 h6 24. Nh2 Rae8 25. Bc2 Qd8 26. f4 exf4 27. Qxf4 Ne5 28. h5 Nfd7 29.
Kh1 Kh7 30. Ra2 Bc8 31. Rf1 Nf6 32. Kg1 Nfg4 33. Nxg4 Nxg4 34. Bxg7 Kxg7 35. Bd1
Ne5 36. Raf2 f5 37. hxg6 Nxg6 38. Qd2 f4 39. Nh5+ Kh7 40. Nxf4 Qg5 41. Nxg6 Rxf2
42. Qxf2 Qxg6 43. Bc2 Re5 44. Qf8 Qg8 45. Rf7+ Kh8 46. Qxh6+ 1-0

[Event "110th ch-GBR 2024"]
[Site "Hull ENG"]
[Date "2024.08.03"]
[Round "8.34"]
[White "Pal, Rohan"]
[Black "Hobson, Kenneth"]
[Result "1-0"]
[BlackTitle "CM"]
[WhiteElo "2077"]
[BlackElo "2266"]
[WhiteFideId "462489"]
[BlackFideId "480819"]
[EventDate "2024.07.27"]

1. c4 Nf6 2. g3 e6 3. Bg2 d5 4. Nf3 Be7 5. O-O O-O 6. b3 d4 7. d3 Nc6 8. e3 dxe3
9. fxe3 e5 10. Nc3 Be6 11. Qe2 a5 12. Bb2 Re8 13. Rad1 Qc8 14. Ng5 Bg4 15. Qf2
Bxd1 16. Rxd1 h6 17. Bh3 Qb8 18. Nge4 Nxe4 19. Nxe4 a4 20. d4 axb3 21. d5 Rxa2
22. dxc6 Ba3 23. Rd7 Rf8 24. Nf6+ gxf6 25. Qxf6 Qa7 26. Qxh6 Bxb2 27. Bf5 1-0

[Event "110th ch-GBR 2024"]
[Site "Hull ENG"]
[Date "2024.08.03"]
[Round "8.35"]
[White "Sanger, Jake M"]
[Black "Toma, Katarzyna"]
[Result "1-0"]
[BlackTitle "WGM"]
[WhiteElo "2026"]
[BlackElo "2241"]
[WhiteFideId "2406136"]
[BlackFideId "1119907"]
[EventDate "2024.07.27"]

1. d4 Nf6 2. c4 e6 3. Nf3 b6 4. g3 Ba6 5. b3 d5 6. Bg2 Bb7 7. O-O Nbd7 8. e3 Be7
9. Qe2 O-O 10. Rd1 dxc4 11. bxc4 c5 12. Nc3 cxd4 13. exd4 Rc8 14. Bf4 Nh5 15.
Be3 Qc7 16. Nb5 Qxc4 17. Qxc4 Rxc4 18. Nd2 Bxg2 19. Nxc4 Bf3 20. Rdc1 a6 21. Nd2
Bd5 22. Nc7 Nhf6 23. Nxd5 Nxd5 24. Rc2 h6 25. a4 N7f6 26. h3 Bd6 27. Kg2 Nb4 28.
Rc4 Nfd5 29. Nb3 a5 30. Bd2 Rd8 31. Rac1 Kf8 32. Rc8 Ke7 33. Rxd8 Kxd8 34. Kf3
Na2 35. Rc2 Nab4 36. Rb2 Kc7 37. Ke2 b5 38. axb5 Kb6 39. Bxb4 Bxb4 40. Kd3 Kxb5
41. Nc1 Nc3 42. Rc2 Nd5 43. Rc8 Be7 44. Rb8+ Kc6 45. Rg8 Bf6 46. Rf8 Nb6 47.
Rxf7 Kd5 48. Ne2 Na4 49. Nf4+ Kd6 50. Ra7 Nb2+ 51. Ke4 Nd1 52. Ra6+ Kd7 53. Rxa5
Nxf2+ 54. Kf3 g5 55. Ra7+ Kd6 56. Ne2 Nxh3 57. Rf7 1-0

[Event "110th ch-GBR 2024"]
[Site "Hull ENG"]
[Date "2024.08.03"]
[Round "8.36"]
[White "Hryshchenko, Kamila"]
[Black "Merriman, James"]
[Result "1-0"]
[WhiteTitle "WFM"]
[WhiteElo "2181"]
[BlackElo "1974"]
[WhiteFideId "14147491"]
[BlackFideId "452270"]
[EventDate "2024.07.27"]

1. e4 e6 2. d3 d5 3. Be2 Nf6 4. e5 Nfd7 5. f4 c5 6. Nf3 Nc6 7. c3 b5 8. O-O a5
9. a4 b4 10. Qe1 f5 11. exf6 Nxf6 12. Ne5 Qc7 13. d4 Bb7 14. Bb5 O-O-O 15. Nxc6
Bxc6 16. Qxe6+ Kb7 17. Nd2 c4 18. Nf3 Bd6 19. Ne5 Bxb5 20. axb5 Rde8 21. Qh3 b3
22. Be3 Ra8 23. Ra4 Rhe8 24. Rfa1 Qb6 25. Qg3 g6 26. Qh4 Rf8 27. Qh6 Qxb5 28. f5
gxf5 29. Qg7+ Bc7 30. Bg5 Ne4 31. Bf4 Rg8 32. Qxh7 Rh8 33. Qxf5 Raf8 34. Nf7
Bxf4 35. Qxf4 Rh7 36. Nd6+ Nxd6 37. Qxf8 Qe8 38. Qxd6 Qe3+ 39. Kh1 Rd7 40. Qxd7+
Kb8 41. Qb5+ Kc8 42. Rxa5 1-0

[Event "110th ch-GBR 2024"]
[Site "Hull ENG"]
[Date "2024.08.03"]
[Round "8.37"]
[White "Shearsby, Jude"]
[Black "Larchikov, Maksym"]
[Result "1/2-1/2"]
[WhiteElo "2130"]
[BlackElo "2181"]
[WhiteFideId "462527"]
[BlackFideId "34120815"]
[EventDate "2024.07.27"]

1. d4 d5 2. c4 e6 3. Nf3 Nf6 4. Nc3 Be7 5. g4 h6 6. Bf4 dxc4 7. e3 a6 8. a4 c5
9. dxc5 Qxd1+ 10. Rxd1 Bxc5 11. Bxc4 Nc6 12. h3 b6 13. Ke2 Bb7 14. Rb1 Nb4 15.
Rhc1 Be7 16. Be5 O-O 17. Nd4 Rac8 18. b3 Nd7 19. Bg3 Nc5 20. f3 Rfd8 21. Rb2 Bf6
22. Rd1 Rd7 23. Be1 Rcd8 24. Rbd2 g6 25. f4 Bg2 26. Kf2 Bb7 27. Ke2 h5 28. Nb1
Bg2 29. Nxe6 Rxd2+ 30. Rxd2 Rxd2+ 31. Bxd2 fxe6 32. Bxb4 Bxh3 1/2-1/2